[Event "NAO Masters"]
[Site "Cannes FRA"]
[Date "2002.02.23"]
[Round "2"]
[White "Leko,P"]
[Black "Morozevich,A"]
[Result "1-0"]
[WhiteElo "2713"]
[BlackElo "2742"]

1.e4 e5 2.Nf3 Nc6 3.Bb5 a6 4.Ba4 Nf6 5.O-O b5 6.Bb3 Bc5 7.a4 Rb8 8.c3 d6
9.d4 Bb6 10.Na3 O-O 11.axb5 axb5 12.Nxb5 Bg4 13.Bc2 h6 14.d5 Ne7 15.h3 Bh5
16.Kh1 Nxe4 17.Bxe4 f5 18.Bc2 Qe8 19.Ba4 e4 20.Nxc7 Qf7 21.Ne6 exf3 22.gxf3 Qf6
23.Nxf8 Rxf8 24.Bb5 Qh4 25.Kg2 g5 26.Ra4 f4 27.Bd7 Ng6 28.Re4 Ne5 29.Rxe5 dxe5
30.Qd3 Kg7 31.Qe4 Bc7 32.Bf5 Rf6 33.c4 Bf7 34.c5 h5 35.d6 g4 36.fxg4 Bg6
37.Rg1 Bd8 38.Qxe5 f3+ 39.Kxf3 Qxh3+ 40.Ke2 hxg4 41.Rxg4 Qh5 42.Bg5 Bxf5
43.Bxf6+ Kf7 44.f3  1-0

[Event "NAO Masters"]
[Site "Cannes FRA"]
[Date "2002.02.25"]
[Round "4"]
[White "Fressinet,L"]
[Black "Morozevich,A"]
[Result "1-0"]
[WhiteElo "2591"]
[BlackElo "2742"]

1.e4 e6 2.d4 d5 3.Nc3 dxe4 4.Nxe4 Nd7 5.g3 Be7 6.Bg2 Ngf6 7.Nxf6+ Bxf6 8.Nf3 O-O
9.O-O c5 10.c3 cxd4 11.Nxd4 a6 12.Be3 Qc7 13.Qe2 Nb6 14.Nf3 Re8 15.Rad1 e5
16.Bg5 Nd7 17.Rfe1 h6 18.Be3 Nf8 19.Nd2 Be6 20.a4 Rab8 21.Ra1 Be7 22.a5 Nd7
23.Qf3 Red8 24.Ba7 Rbc8 25.Red1 Bc5 26.Bxc5 Nxc5 27.Qe2 Rd7 28.Ne4 Rcd8 29.Nxc5 Qxc5
30.Bxb7 Bc4 31.Qe1 Qb5 32.Rxd7 Rxd7 33.Be4 Bb3 34.Bf3 Rd6 35.Qe2 Bc4 36.Qe4 Bd5
37.Qxe5 Qxb2 38.Rf1 Bxf3 39.Qxd6 Qxc3 40.Qf4 Be2 41.Rc1 Qd3 42.Qb8+ Kh7 43.Qb1  1-0

[Event "NAO Masters"]
[Site "Cannes FRA"]
[Date "2002.02.26"]
[Round "5"]
[White "Morozevich,A"]
[Black "Nataf,IA"]
[Result "0-1"]
[WhiteElo "2742"]
[BlackElo "2546"]

1.e4 c5 2.Nf3 Nc6 3.Bb5 e6 4.O-O Nge7 5.c3 a6 6.Be2 d5 7.exd5 Nxd5 8.d4 cxd4
9.Nxd4 Bd7 10.c4 Nxd4 11.Qxd4 Qf6 12.Qxf6 Nxf6 13.Be3 Rc8 14.Nc3 Bd6 15.Rac1 Ke7
16.a3 a5 17.Rfd1 a4 18.f4 Bc5 19.Kf2 Rhg8 20.h4 h5 21.Bxc5+ Rxc5 22.Rd4 Rgc8
23.Rcd1 Be8 24.Ke1 Bc6 25.R1d2 Nd7 26.Ne4 Bxe4 27.Rxd7+ Ke8 28.Bd1 Bc6 29.R7d4 Ke7
30.g3 Be8 31.Be2 f6 32.Rd6 Bc6 33.Kf2 Bd5 34.Rb6 Bc6 35.Ke3 g5 36.hxg5 fxg5
37.Kd4 Ra5 38.Kc3 gxf4 39.gxf4 h4 40.Rd3 Rf5 41.Bf3 Rxf4 42.Bxc6 bxc6 43.Rb7+ Kf6
44.Rh7 Rb8 45.Rd6 Rb3+ 46.Kd2 Rxb2+ 47.Ke3 Rxc4 48.Rh6+ Kg5 49.Rdxe6 Rb3+
50.Kd2 Kg4 51.Reg6+ Kh3 52.Rg1 Kh2  0-1

[Event "NAO Masters"]
[Site "Cannes FRA"]
[Date "2002.02.27"]
[Round "6"]
[White "Bareev,E"]
[Black "Morozevich,A"]
[Result "0-1"]
[WhiteElo "2707"]
[BlackElo "2742"]

1.d4 d5 2.c4 c6 3.Nf3 Nf6 4.e3 a6 5.Nbd2 Bf5 6.Qb3 Qc7 7.Bd3 Bg6 8.O-O e6
9.Re1 Be7 10.e4 O-O 11.e5 Nfd7 12.Bxg6 hxg6 13.Nf1 Re8 14.Bg5 Bf8 15.Ne3 dxc4
16.Qxc4 c5 17.Ng4 b5 18.Qe2 c4 19.Rac1 Nc6 20.b3 c3 21.Qe3 Rac8 22.Rxc3 Bb4
23.Bf6 gxf6 24.exf6 Qd8 25.Qg5 Bxc3 26.Nh4 Bxd4 27.Nh6+ Kf8 28.Qxg6 Bxf2+
29.Kh1 Qxf6 30.Qg8+ Ke7  0-1

[Event "NAO Masters"]
[Site "Cannes FRA"]
[Date "2002.03.02"]
[Round "8"]
[White "Karpov,An"]
[Black "Morozevich,A"]
[Result "1/2-1/2"]
[WhiteElo "2693"]
[BlackElo "2742"]

1.c4 b6 2.d4 Bb7 3.Nc3 e6 4.a3 f5 5.d5 Nf6 6.g3 Na6 7.Bg2 Nc5 8.Nh3 Bd6 9.Be3 Be5
10.Bxc5 bxc5 11.O-O exd5 12.cxd5 Rb8 13.Qd3 g6 14.e4 Bxc3 15.bxc3 fxe4 16.Bxe4 O-O
17.Bg2 Qe7 18.Rab1 Qd6 19.c4 Ba6 20.Rfe1 Rxb1 21.Rxb1 Qe5  1/2-1/2

[Event "NAO Masters"]
[Site "Cannes FRA"]
[Date "2002.03.03"]
[Round "9"]
[White "Morozevich,A"]
[Black "Lautier,J"]
[Result "1/2-1/2"]
[WhiteElo "2742"]
[BlackElo "2687"]

1.e4 c5 2.Nf3 Nc6 3.c3 Nf6 4.e5 Nd5 5.Bc4 Nb6 6.Bb3 c4 7.Bc2 Qc7 8.Qe2 g5
9.e6 dxe6 10.Nxg5 Qe5 11.d4 cxd3 12.Bxd3 Qxe2+ 13.Bxe2 h6 14.Ne4 e5 15.O-O Bf5
16.Nbd2 Bg6 17.a4 Nd7 18.f3 f5 19.Nf2 Bg7 20.a5 O-O 21.Re1 a6 22.Nc4 Rad8
23.Bf1 Kh8 24.Be3 Bf7 25.Rad1 Be6 26.Be2 Nf6 27.Rxd8 Rxd8 28.Bb6 Rc8 29.Ne3 Nd7
30.Bd3 Nxb6 31.axb6 Rf8 32.Bc4 Bc8 33.Nd3 h5 34.Nc5 Rf6 35.Rd1 Bh6 36.Kf2 Kg7
37.Nd5 Rd6 38.Ke2 Rg6 39.g3 h4 40.Nc7 hxg3 41.hxg3 Rxg3 42.Kf2 Rg6 43.N5e6+ Bxe6
44.Nxe6+ Kf6 45.Nc5 e4 46.fxe4 fxe4 47.Nxe4+ Kf5 48.Bd3 Kf4 49.Nc5 Rf6 50.Ke2 Kg4
51.Rg1+ Kh5 52.Ne4 Re6 53.c4 Nd4+ 54.Kf2 Rxb6 55.b4 Bf4 56.Rh1+ Kg4 57.Rg1+ Kh5
58.Rh1+ Kg4 59.Rg1+  1/2-1/2

[Event "Amber Rapidplay"]
[Site "Monaco MNC"]
[Date "2002.03.17"]
[Round "2"]
[White "Morozevich,A"]
[Black "Topalov,V"]
[Result "1/2-1/2"]
[WhiteElo "2742"]
[BlackElo "2739"]

1.e4 c5 2.Nf3 Nc6 3.c3 Nf6 4.e5 Nd5 5.Bc4 Nb6 6.Bb3 d5 7.exd6 Qxd6 8.O-O Be6
9.d4 cxd4 10.Na3 dxc3 11.Nb5 Qxd1 12.Rxd1 Rc8 13.Bxe6 fxe6 14.bxc3 Nc4 15.Rb1 e5
16.Re1 b6 17.Re4 Nd6 18.Ra4 Nxb5 19.Rxb5 Rd8 20.Bd2 e6 21.Kf1 Bc5 22.Ke2 Rf8
23.Be3 Bxe3 24.fxe3 Ke7 25.Rg4 g6 26.Rh4 h5 27.Re4 Rc8 28.c4 Kd6 29.h3 Rf6
30.c5+ bxc5 31.Rc4 Rb8 32.Rbxc5 Rb2+ 33.Nd2 Nb4 34.a3 Rf2+ 35.Kxf2 Nd3+ 36.Kf3 Nxc5
37.Ne4+ Nxe4 38.Rxe4 Kd5 39.Ra4 e4+ 40.Kg3 e5 41.Rxa7 Re2 42.a4 Rxe3+ 43.Kf2 Ra3
44.a5 e3+ 45.Kf3 e4+ 46.Ke2 Kd4 47.Rd7+ Ke5 48.Re7+ Kf4 49.Rf7+ Kg5 50.Ra7 Kh4
51.Rg7 g5 52.g3+ Kxg3 53.Rxg5+ Kf4 54.Rxh5 Ra2+ 55.Ke1 Ra1+ 56.Ke2 Ra2+ 57.Ke1 Ra1+  1/2-1/2

[Event "Amber Blindfold"]
[Site "Monaco MNC"]
[Date "2002.03.17"]
[Round "2"]
[White "Topalov,V"]
[Black "Morozevich,A"]
[Result "0-1"]
[WhiteElo "2739"]
[BlackElo "2742"]

1.e4 e5 2.Nf3 Nf6 3.Nxe5 d6 4.Nf3 Nxe4 5.d4 d5 6.Bd3 Bd6 7.O-O O-O 8.c4 c6
9.Re1 Bg4 10.Bxe4 dxe4 11.Rxe4 f5 12.Re1 Bxf3 13.Qxf3 Qh4 14.g3 Qxd4 15.Qb3 Qb6
16.Be3 Qxb3 17.axb3 Na6 18.Nc3 Bc5 19.Rad1 Rfe8 20.Bxc5 Rxe1+ 21.Rxe1 Nxc5
22.b4 Nd3 23.Re7 Rb8 24.b3 Nxb4 25.Ne2 Na6 26.Nd4 Kf8 27.Rd7 Nc5 28.Rc7 Rd8
29.Nxf5 g6 30.Ne3 a5 31.Rxh7 Rd3 32.Rh8+ Ke7 33.Ra8 Nxb3 34.h4 b5 35.g4 Rxe3
36.fxe3 bxc4 37.Rc8 c5 38.Kf2 c3 39.Ke2 c2 40.Rxc5 Nxc5 41.Kd2 Nd3 42.Kxc2 Ne5  0-1

[Event "Amber Rapidplay"]
[Site "Monaco MNC"]
[Date "2002.03.19"]
[Round "4"]
[White "Morozevich,A"]
[Black "Gelfand,B"]
[Result "1/2-1/2"]
[WhiteElo "2742"]
[BlackElo "2703"]

1.e4 c5 2.Nf3 Nc6 3.Bb5 d6 4.O-O Bd7 5.Re1 Nf6 6.c3 a6 7.Bf1 Bg4 8.d3 e6
9.Nbd2 Be7 10.h3 Bh5 11.g4 Bg6 12.Nh4 Nd7 13.Ng2 O-O 14.f4 h6 15.Nf3 Bh7
16.Qe2 Re8 17.Qf2 d5 18.exd5 exd5 19.f5 Bd6 20.Bf4 Qc7 21.Qg3 Bxf4 22.Qxf4 Qxf4
23.Nxf4 Nf6 24.a3 g6 25.fxg6 Bxg6 26.Bg2 Bh7 27.Rxe8+ Rxe8 28.Re1 Rd8 29.Kh2 c4
30.d4 Be4 31.g5 Bxf3 32.Bxf3 hxg5 33.Rg1 Ne7 34.Rxg5+ Kf8 35.a4 Rd6 36.a5 b6
37.axb6 Rxb6 38.Rg2 a5 39.Re2 a4 40.Ng2  1/2-1/2

[Event "Amber Blindfold"]
[Site "Monaco MNC"]
[Date "2002.03.21"]
[Round "5"]
[White "Morozevich,A"]
[Black "Kramnik,V"]
[Result "1/2-1/2"]
[WhiteElo "2742"]
[BlackElo "2809"]

1.e4 e5 2.Nf3 Nc6 3.Bb5 Nf6 4.Nc3 Nd4 5.Nxd4 exd4 6.e5 dxc3 7.exf6 Qxf6 8.dxc3 Bc5
9.O-O O-O 10.Bxd7 Bxd7 11.Qxd7 Rad8 12.Qb5 b6 13.Qc4 Qf5 14.b4 Bd6 15.Be3 Rfe8
16.g3 Qxc2 17.Rac1 Qf5 18.Rcd1 h5 19.Rd5 Qf3 20.Rfd1 Re4 21.R1d4 Rde8 22.Rxe4 Rxe4
23.Rd4 Rxd4 24.Qxd4 f6  1/2-1/2

[Event "Amber Rapidplay"]
[Site "Monaco MNC"]
[Date "2002.03.22"]
[Round "6"]
[White "Ivanchuk,V"]
[Black "Morozevich,A"]
[Result "1-0"]
[WhiteElo "2717"]
[BlackElo "2742"]

1.d4 d5 2.c4 c6 3.Nc3 Nf6 4.e3 a6 5.Qc2 b5 6.b3 g6 7.Bd3 dxc4 8.bxc4 c5 9.Nf3 Nc6
10.cxb5 Nb4 11.Qb1 Nxd3+ 12.Qxd3 Bg7 13.Ba3 Bf5 14.Qc4 axb5 15.Qxc5 Nd7 16.Qb4 Bd3
17.Rd1 Bc4 18.Nd2 Bd3 19.Nd5 O-O 20.Qc3 b4 21.Bxb4 Ba6 22.Bxe7 Qb8 23.Rb1 Qa7
24.Bxf8 Rc8 25.Ne7+  1-0

[Event "Amber Blindfold"]
[Site "Monaco MNC"]
[Date "2002.03.22"]
[Round "6"]
[White "Morozevich,A"]
[Black "Ivanchuk,V"]
[Result "1/2-1/2"]
[WhiteElo "2742"]
[BlackElo "2717"]

1.e4 Nf6 2.e5 Nd5 3.d4 d6 4.c4 Nb6 5.f4 dxe5 6.fxe5 Nc6 7.Be3 Bf5 8.Nc3 e6
9.Nf3 Be7 10.d5 exd5 11.cxd5 Nb4 12.Nd4 Bd7 13.Qf3 O-O 14.O-O-O Bg5 15.Nc2 Nxc2
16.Kxc2 Qe7 17.h4 Bxe3 18.Qxe3 Bg4 19.Rd4 Bf5+ 20.Kc1 Rae8 21.g4 Bd7 22.Re4 f5
23.gxf5 Bxf5 24.Bd3 Bxe4 25.Qxe4 g6 26.Re1 Rf5 27.e6 Qd6 28.Qg2 Qf4+ 29.Kb1 Qxh4
30.Re2 Rg5 31.Qf3 Rg1+ 32.Kc2 Rf8 33.Qe3 Rg3 34.Qe5 Rxd3 35.Kxd3 Qe7 36.Qd4 Rf5
37.Kc2 Nc8 38.Ne4 Nd6 39.Nxd6 cxd6 40.b3 h5 41.Kb2 h4 42.Rc2 Qf6 43.Rc8+ Kg7
44.Rc7+ Kg8 45.Rc8+ Kg7 46.Rc7+ Kg8 47.Qxf6 Rxf6 48.Rd7 Rf2+ 49.Kc3 Re2 50.Kd3 Re1
51.Rxd6 h3 52.Rd8+ Kg7 53.Rd7+ Kg8 54.Rd8+ Kg7 55.Rd7+ Kh6 56.Rd8 Kg5 57.Rh8 Kg4
58.Kd4 g5 59.Kc5 Kg3 60.Kd6 h2 61.e7 Re4 62.Rxh2 Kxh2 63.Kd7 g4 64.e8=Q Rxe8
65.Kxe8 g3 66.d6 g2 67.d7 g1=Q 68.d8=Q Qe1+ 69.Qe7 Qa5 70.a4 Qb6 71.b4 Qc6+
72.Kd8 Qxa4 73.Qxb7 Kg3 74.Kc8 Qe8+ 75.Kc7 Qe7+ 76.Kb8 Qe8+ 77.Kxa7 Qa4+
78.Kb8 Qe8+ 79.Kc7 Qe7+ 80.Kc6 Qe4+ 81.Kc7 Qe7+  1/2-1/2

[Event "Amber Rapidplay"]
[Site "Monaco MNC"]
[Date "2002.03.23"]
[Round "7"]
[White "Morozevich,A"]
[Black "Ljubojevic,L"]
[Result "1-0"]
[WhiteElo "2742"]
[BlackElo "2548"]

1.e4 c5 2.Nf3 d6 3.d4 cxd4 4.Nxd4 Nf6 5.Nc3 a6 6.Bc4 e6 7.Bb3 Nbd7 8.Bg5 Nc5
9.f4 Be7 10.Qf3 Bd7 11.O-O-O O-O 12.Kb1 Rc8 13.h4 b5 14.e5 Ne8 15.Ne4 Nxb3
16.axb3 d5 17.Bxe7 Qxe7 18.Ng5 h6 19.Qd3 f5 20.g4 hxg5 21.hxg5 Qf7 22.gxf5 exf5
23.Qh3 Qg6 24.e6  1-0

[Event "Amber Blindfold"]
[Site "Monaco MNC"]
[Date "2002.03.23"]
[Round "7"]
[White "Ljubojevic,L"]
[Black "Morozevich,A"]
[Result "0-1"]
[WhiteElo "2548"]
[BlackElo "2742"]

1.d4 d5 2.c4 Nc6 3.Nc3 dxc4 4.d5 Ne5 5.Qd4 Ng6 6.e4 e5 7.Qxc4 a6 8.Be3 Bd6
9.Nf3 h6 10.h3 Nf6 11.Nd2 O-O 12.b4 Bd7 13.Qb3 Qe7 14.Rb1 b5 15.a3 c6 16.dxc6 Bxc6
17.g3 Qb7 18.Bg2 Ne7 19.O-O Rad8 20.Rfd1 Rfe8 21.Rbc1 Nf5 22.Nd5 Bxd5 23.exd5 e4
24.Nf1 Bf8 25.Qc2 Rxd5 26.Rxd5 Qxd5 27.Qc6 Re6 28.Qxd5 Nxd5 29.g4 Nfxe3 30.Nxe3 Nf4
31.Rc8 g6 32.Rd8 Kg7 33.Nd5 Nxg2 34.Nc7 Nf4 35.Nxe6+ Nxe6 36.Rd7 Nf4 37.Ra7 Nxh3+
38.Kf1 Nf4 39.Rxa6 h5 40.gxh5 gxh5 41.Rb6 h4 42.Rxb5 Kg6 43.a4 h3 44.Kg1 Bg7
45.Rb6+ Kf5 46.Rb7 Bd4 47.Rxf7+ Kg4 48.a5 Nd3 49.a6 Nxf2 50.Rg7+ Bxg7 51.a7 Kg3
52.a8=Q h2+  0-1

[Event "Amber Blindfold"]
[Site "Monaco MNC"]
[Date "2002.03.24"]
[Round "8"]
[White "Morozevich,A"]
[Black "Shirov,A"]
[Result "1/2-1/2"]
[WhiteElo "2742"]
[BlackElo "2715"]

1.e4 e5 2.Nf3 Nf6 3.Nxe5 d6 4.Nf3 Nxe4 5.d4 d5 6.Bd3 Nc6 7.O-O Be7 8.Re1 Bg4
9.c3 f5 10.Nbd2 O-O 11.Qb3 Na5 12.Qc2 Nc6 13.b4 a6 14.a4 Bd6 15.Ba3 Rf6 16.b5 Nxd2
17.Qxd2 Bxf3 18.bxc6 Rg6 19.g3 bxc6 20.Bxf5 Rf6 21.Qd3 Bxa3 22.Rxa3 Qf8 23.Bxh7+ Kh8
24.Ra2 Qf7 25.Re3 Rf8 26.Qb1 g6 27.Rxf3 Rxf3 28.Bxg6 Qf6 29.Qc2 Qe6 30.Qb1 Qf6
31.Qc2 Qe6 32.Qb1 c5 33.dxc5 Qf6 34.Qc2 Qe6 35.Qb1 Qf6 36.Qc2 Qe6  1/2-1/2

[Event "Amber Rapidplay"]
[Site "Monaco MNC"]
[Date "2002.03.26"]
[Round "9"]
[White "Morozevich,A"]
[Black "Piket,Je"]
[Result "1/2-1/2"]
[WhiteElo "2742"]
[BlackElo "2659"]

1.e4 e5 2.Nf3 Nf6 3.Nxe5 d6 4.Nf3 Nxe4 5.d4 d5 6.Bd3 Bd6 7.O-O O-O 8.c4 c6
9.Re1 Bf5 10.Nc3 Nxc3 11.bxc3 Bxd3 12.Qxd3 dxc4 13.Qb1 Nd7 14.Qxb7 Qc8 15.Qb1 Nf6
16.Qc2 Qa6 17.Bg5 Nd5 18.Bd2 h6 19.Nh4 Rfe8 20.Nf5 Bf8 21.Re5 Rad8 22.Rae1 Rxe5
23.dxe5 Nc7 24.Be3 Rd3 25.Qe2 Ne6 26.Qg4 Kh8 27.g3 Qb5 28.Nd4 Qxe5 29.Nxe6 Qxe6
30.Qxe6 fxe6 31.Bxa7 Rxc3 32.Rxe6 Ra3 33.Bd4 c5 34.Bb2 Rd3 35.Re3 Rd2 36.Be5 Rxa2
37.Rc3 Ra4 38.Kg2 Kg8 39.Kf3 Kf7 40.Ke4 Ra2 41.f4 Re2+ 42.Kd5 Rxh2 43.Rxc4 Rg2
44.Rc3 Be7 45.Ra3 h5 46.Ke4 Re2+ 47.Kf3 Rd2 48.Ra7 g6 49.g4 hxg4+ 50.Kxg4 Rd3
51.Rc7 Ke6 52.Rc6+ Kf7 53.Rc7 Rd5 54.Kf3 Ke6 55.Ke4 Rd1 56.Rc6+ Kf7 57.Rc7 Re1+
58.Kd5 Re2 59.Rb7 Rd2+ 60.Ke4 Ke6 61.Rb6+ Bd6 62.Ra6 Rd1 63.Kf3 Kd7 64.Ra7+ Ke6
65.Ra6 Rd3+ 66.Ke4 Rd2 67.Ke3 Rd1 68.Ke4 Rd2 69.Ke3 Rd5 70.Ke4 Rd1 71.Kf3  1/2-1/2

[Event "Amber Rapidplay"]
[Site "Monaco MNC"]
[Date "2002.03.27"]
[Round "10"]
[White "Bareev,E"]
[Black "Morozevich,A"]
[Result "0-1"]
[WhiteElo "2707"]
[BlackElo "2742"]

1.c4 c6 2.d4 d5 3.Nf3 Nf6 4.Qb3 dxc4 5.Qxc4 Bg4 6.Bf4 e6 7.Nbd2 Nbd7 8.e3 Be7
9.Bd3 O-O 10.O-O c5 11.Rac1 a6 12.dxc5 Nxc5 13.Bb1 b5 14.Qd4 Qxd4 15.Nxd4 Rfc8
16.b4 Na4 17.Nc6 Bf8 18.f3 e5 19.Nxe5 Be6 20.Ne4 Bxb4 21.Rxc8+ Rxc8 22.Nxf6+ gxf6
23.Ng4 Be7 24.Nh6+ Kf8 25.Nf5 Nc3 26.Nxe7 Kxe7 27.a3 h5 28.Kf2 Nd5 29.Be4 Nxf4
30.exf4 f5 31.Bb7 Rb8 32.Bxa6 Rb6 33.Bxb5 Rxb5 34.Kg3 Kf6 35.Rc1 Rb3 36.Ra1 Rb5
37.Rc1 Kg6 38.Kh3 Ra5 39.Rc3 Ra4 40.Kg3 h4+ 41.Kxh4 Rxf4+ 42.Kg3 Rd4 43.h3 f4+
44.Kh2 Rd2 45.Rc5 Ra2 46.Ra5 Bc4 47.Kg1 Bd3 48.Ra4 Kg5 49.Ra7 Bc4 50.Rc7 Ra1+
51.Kh2 Be6 52.Rc5+ Kh4 53.Ra5 Ra2 54.Ra8 Kg5 55.Ra5+ f5 56.Kg1 Bc4 57.Ra8 Kh4
58.Kh2 Bd5 59.Ra4 Kg5 60.Kg1 Rd2 61.Ra7 Bc4 62.a4 Ra2 63.a5 Kf6 64.Ra8 Ke5
65.Re8+ Kd4 66.Ra8 Bd5 67.Ra7 Ra1+ 68.Kh2 Ke3 69.Re7+ Kd4 70.Ra7 Bc4 71.Rd7+ Ke3
72.Rc7 Bd3 73.Rc5 Kd4 74.Rc8 Rxa5 75.Rd8+ Ke3 76.Rb8 Ra2 77.Kg1 Ra1+ 78.Kh2 Rd1
79.Rg8 Kf2 80.h4 Bf1 81.Rg5 Rd6 82.h5 Rh6  0-1

[Event "Amber Blindfold"]
[Site "Monaco MNC"]
[Date "2002.03.27"]
[Round "10"]
[White "Morozevich,A"]
[Black "Bareev,E"]
[Result "1-0"]
[WhiteElo "2742"]
[BlackElo "2707"]

1.e4 e6 2.d4 d5 3.e5 c5 4.c3 Nc6 5.Nf3 Qb6 6.a3 Nh6 7.b4 cxd4 8.cxd4 Nf5
9.Be3 f6 10.exf6 gxf6 11.Bd3 Nxe3 12.fxe3 Bh6 13.Qe2 Bd7 14.Nc3 Ne7 15.O-O O-O
16.Kh1 Rac8 17.Nd1 Bg7 18.Nf2 e5 19.dxe5 fxe5 20.e4 d4 21.Rac1 Ng6 22.Rxc8 Bxc8
23.g3 Bh6 24.Nd2 Kg7 25.Nc4 Qe6 26.b5 Qe7 27.Nd1 Bd7 28.Rxf8 Qxf8 29.a4 Qb4
30.h4 Qc5 31.Nf2 Nh8 32.Ng4 Nf7 33.Qf3 Qe7 34.Na5 Bc8 35.Nc4 Bc1 36.Kh2 h6
37.Qd1 Ba3 38.Bf1 Bb4 39.Bh3 Qc5 40.Nb2 Qc3 41.Nd3 Bd6 42.Ngf2 Bxh3 43.Kxh3 Qc4
44.Qg4+ Kf8 45.Qd7 Qxa4 46.Qxb7 Qa1 47.Kg2 Kg7 48.Qd7 Qa2 49.Kh3  1-0

[Event "Amber Blindfold"]
[Site "Monaco MNC"]
[Date "2002.03.28"]
[Round "11"]
[White "Van Wely,L"]
[Black "Morozevich,A"]
[Result "1/2-1/2"]
[WhiteElo "2697"]
[BlackElo "2742"]

1.d4 Nf6 2.c4 e6 3.Nf3 d5 4.Nc3 dxc4 5.e4 Bb4 6.Bg5 c5 7.e5 cxd4 8.Qa4+ Nc6
9.O-O-O Bd7 10.Ne4 Be7 11.exf6 gxf6 12.Bh4 a6 13.Qxc4 e5 14.Nxe5 Nxe5 15.Qxd4 Rc8+
16.Kb1 O-O 17.Be2 Bf5 18.Qxd8 Rfxd8 19.f3 Kg7 20.Rxd8 Rxd8 21.Rd1 Rxd1+ 22.Bxd1 Ng4
23.Kc1 Ne3 24.g4 Nxg4 25.Ng3 Nh6 26.Nxf5+ Nxf5 27.Bf2 Bd6 28.Bc2 Bf4+ 29.Kd1 Ne3+
30.Bxe3  1/2-1/2

[Event "Amber Rapidplay"]
[Site "Monaco MNC"]
[Date "2002.03.28"]
[Round "11"]
[White "Morozevich,A"]
[Black "Van Wely,L"]
[Result "1-0"]
[WhiteElo "2742"]
[BlackElo "2697"]

1.e4 c5 2.Nf3 Nc6 3.Bb5 e6 4.O-O Nge7 5.c3 a6 6.Ba4 b5 7.Bc2 Bb7 8.Qe2 d5
9.e5 d4 10.Be4 Nd5 11.d3 dxc3 12.Nxc3 Nxc3 13.bxc3 Be7 14.d4 cxd4 15.cxd4 Qd7
16.a4 bxa4 17.Rxa4 O-O 18.Bd2 a5 19.Rfa1 h6 20.h4 Ba6 21.Qe3 Bb5 22.R4a2 a4
23.Bc2 Qd5 24.Bxa4 Bc4 25.Bxc6 Qxc6 26.Rxa8 Rxa8 27.Rc1 Qb5 28.Qf4 Bd5 29.Be3 Qb7
30.Qg3 Kf8 31.Nd2 Rc8 32.Rb1 Qa8 33.Nf1 Qa2 34.Nd2 Ba3 35.Qg4 Qc2 36.Ra1 Qc3
37.Rd1 Qc2 38.Nf1 Qe4 39.Qxe4 Bxe4 40.Ng3 Bd5 41.Ne2 Rc2 42.Nf4 Bc4 43.d5 exd5
44.Nxd5 Bb2 45.Nb4 Re2 46.Rd8+ Ke7 47.Nc6+ Ke6 48.Bd4 Bb5 49.Rd6+ Kf5 50.Ne7+ Ke4
51.Bxb2 Rxb2 52.e6 Bc4 53.exf7 Bxf7 54.Nc6 Rb7 55.f3+ Kf4 56.Kh2 Be8 57.Rd4+ Kf5
58.g4+ Kg6 59.Ne5+ Kf6 60.Nd3 Rd7 61.Rf4+ Ke7 62.Re4+ Kf8 63.Ne5 Rd6 64.Kg3 Ra6
65.Re3 Ra4 66.h5 Ra5 67.f4 Ra6 68.Rb3 Ra7 69.Kf3 Ke7 70.Ke4 Bd7 71.Rb8 Ra4+
72.Kf3 Ra3+ 73.Kf2 Ra7 74.Rg8 Kf6 75.Rf8+ Ke6 76.Rf7 Ra2+ 77.Kg3 Ra3+ 78.Kh4 Bb5
79.Rxg7 Bf1 80.Rg6+ Kd5 81.Rxh6  1-0

[Event "FIDE GP"]
[Site "Dubai UAE"]
[Date "2002.04.03"]
[Round "1.5"]
[White "Morozevich,A"]
[Black "Grischuk,A"]
[Result "1/2-1/2"]
[WhiteElo "2742"]
[BlackElo "2671"]

1.e4 e5 2.Nf3 Nc6 3.Bb5 a6 4.Ba4 Nf6 5.O-O Be7 6.Re1 b5 7.Bb3 d6 8.c3 O-O
9.h3 Nb8 10.d4 Nbd7 11.Nbd2 Bb7 12.a4 c5 13.Bc2 exd4 14.cxd4 cxd4 15.Nxd4 bxa4
16.Nf5 Nc5 17.Nc4 Bxe4 18.Bxe4 Ncxe4 19.Nxe7+ Qxe7 20.f3 d5 21.Nb6 Rab8 22.Nxa4 Rb4
23.fxe4 Rxe4 24.Bg5 Qa7+ 25.Kh1 Rxe1+ 26.Qxe1 Ne4 27.Be3 d4 28.Bg1 f5 29.Nc3 Nf6
30.Rd1 Rd8 31.Qe6+ Kh8 32.Ne2 Re8 33.Qc4 Qb8 34.Bxd4 Nh5 35.Bf2 h6 36.Ng1 Re4
37.Qd5 Nf6 38.Qxf5 Re8 39.Nf3 Ne4 40.Be1 Nf6 41.Qc2 Qb7 42.Qd3 Ne4 43.Kg1 Qb6+
44.Qd4 Qb7 45.Bc3 Nf6 46.Re1 Rc8 47.Re5 Qf7 48.Qf4 Qg6  1/2-1/2

[Event "FIDE GP"]
[Site "Dubai UAE"]
[Date "2002.04.03"]
[Round "1.2"]
[White "Morozevich,A"]
[Black "Grischuk,A"]
[Result "1/2-1/2"]
[WhiteElo "2742"]
[BlackElo "2671"]

1.e4 e5 2.Nf3 Nc6 3.Bb5 a6 4.Ba4 Nf6 5.O-O Be7 6.Re1 b5 7.Bb3 d6 8.c3 O-O
9.h3 Re8 10.d4 Bb7 11.a4 h6 12.Nbd2 Bf8 13.Bc2 exd4 14.cxd4 Nb4 15.Bb1 c5
16.d5 Nd7 17.Ra3 f5 18.Nh2 Nf6 19.Rf3 Re5 20.Rxf5 Rxf5 21.exf5 Bxd5 22.Ng4 Bf7
23.Ne4 Nxg4 24.Qxg4 d5 25.f6 dxe4 26.fxg7 Bxg7 27.Bxh6 Qf6 28.Qxe4 Nd5 29.Qh7+ Kf8
30.Qh8+ Bg8 31.Bh7 Kf7 32.Bxg7 Qxg7 33.Bxg8+ Qxg8 34.Qh5+ Kf8 35.Re5 Qxg2+
36.Kxg2 Nf4+ 37.Kf3 Nxh5 38.Rxh5 Kg7 39.axb5 c4 40.Ke3 Kg6 41.Rc5 axb5 42.Rxb5 Rd8
43.Rb4 Rd3+ 44.Ke2 Rxh3 45.Rxc4 Rb3 46.Rc2 Kf5 47.Kd1 Ke4 48.Rd2 Rb8 49.Kc2 Rc8+
50.Kb1 Rb8 51.Rc2 Kf3 52.Ka2 Ra8+ 53.Kb3 Rb8+ 54.Ka4 Ra8+ 55.Kb5 Rb8+ 56.Ka6 Ke4
57.Ka5 Kd3 58.Rc3+ Kd4 59.Rc2 Kd3 60.Rc3+ Kd4  1/2-1/2

[Event "FIDE GP"]
[Site "Dubai UAE"]
[Date "2002.04.03"]
[Round "1.3"]
[White "Grischuk,A"]
[Black "Morozevich,A"]
[Result "1-0"]
[WhiteElo "2671"]
[BlackElo "2742"]

1.e4 e5 2.Nf3 Nc6 3.Bb5 a6 4.Ba4 Nf6 5.O-O b5 6.Bb3 Bc5 7.a4 Rb8 8.c3 d6
9.d4 Bb6 10.h3 O-O 11.Be3 Ne7 12.Nbd2 Ng6 13.a5 exd4 14.Nxd4 Bxd4 15.cxd4 Bb7
16.Bc2 Qe7 17.f3 c5 18.Re1 cxd4 19.Bxd4 Nd7 20.Nf1 Nde5 21.Qd2 Rbc8 22.Bb3 Kh8
23.Ng3 Nh4 24.Rf1 Qf6 25.f4 Qg6 26.Kh2 Qh6 27.Qe2 Nc4 28.Rf2 f5 29.exf5 Nxf5
30.Nxf5 Rxf5 31.Qe7 Bd5 32.Re1 Rcf8 33.Bxc4 Bxc4 34.g4 R5f7 35.Qe3 Rxf4 36.Kg3 Qg5
37.Rxf4  1-0

[Event "FIDE GP"]
[Site "Dubai UAE"]
[Date "2002.04.03"]
[Round "1.1"]
[White "Grischuk,A"]
[Black "Morozevich,A"]
[Result "1-0"]
[WhiteElo "2671"]
[BlackElo "2742"]

1.e4 e5 2.Nf3 Nc6 3.Nc3 Nf6 4.Bb5 Bb4 5.O-O O-O 6.d3 d6 7.Bg5 Bxc3 8.bxc3 Qe7
9.Re1 Nd8 10.d4 Ne6 11.Bc1 Rd8 12.Bf1 b6 13.Nh4 g6 14.g3 Bb7 15.Bg2 Nd7 16.h3 Re8
17.Nf3 Qf6 18.a4 a5 19.Nh2 Qg7 20.Be3 Nf6 21.Ng4 Nxg4 22.hxg4 g5 23.Qd2 h6
24.f3 Rad8 25.Qf2 Bc8 26.Bf1 Bd7 27.Bd3 Qg6 28.Kg2 Nf8 29.Rh1 Kg7 30.c4 c5
31.c3 Ne6 32.d5 Nc7 33.Qd2 Rh8 34.Rab1 Rb8 35.Bc2 f6 36.Rh5 Kf8 37.Qd1 Ke7
38.Rb2 Kd8 39.Qb1 Na8 40.Kf2 Kc7 41.Bd1 Kb7 42.Ke1 Ka7 43.Rg2 Rbe8 44.Kf1 Nc7
45.Rb2 Rb8 46.Rg2 Ne8 47.f4 exf4 48.gxf4 Ng7 49.Rh1 h5 50.gxh5 Nxh5 51.Kg1 Ng7
52.fxg5 Rxh1+ 53.Kxh1 f5 54.Rh2 fxe4 55.Rh6 Qf7 56.Rf6 Qe7 57.Bf4 Rh8+ 58.Kg1 Ne8
59.Rh6 Rxh6 60.gxh6 Qh4 61.Qxe4 Nf6 62.Qe3 Ng4 63.Bxg4 Qxg4+ 64.Kf2 Qf5 65.Qf3 Qc2+
66.Qe2 Qf5  1-0

[Event "Eurotel Trophy"]
[Site "Prague CZE"]
[Date "2002.04.29"]
[Round "1.1"]
[White "Morozevich,A"]
[Black "Movsesian,S"]
[Result "1/2-1/2"]
[WhiteElo "2718"]
[BlackElo "2624"]

1.e4 c5 2.Nf3 Nc6 3.d4 cxd4 4.Nxd4 Qc7 5.Nc3 e6 6.Be3 a6 7.Qd2 Nf6 8.O-O-O b5
9.Nxc6 Qxc6 10.f3 Be7 11.Kb1 d6 12.g4 Nd7 13.g5 Ne5 14.f4 Nc4 15.Bxc4 Qxc4
16.Bd4 O-O 17.b3 Qc6 18.Rhe1 Re8 19.h4 Bf8 20.e5 dxe5 21.Bxe5 Bb7 22.h5 Qb6
23.h6 Rad8 24.Qe2 Rxd1+ 25.Nxd1 Qc6 26.hxg7 Bxg7 27.Bxg7 Kxg7 28.Qe5+ Kg8
29.Ne3 Rc8 30.Re2 Qc3 31.Ng4 Qxe5 32.Nxe5 Kg7 33.Kb2 Bd5 34.Re3 f6 35.Nd7 fxg5
36.fxg5 Kg6 37.Nb6 Rc6 38.Nxd5 exd5 39.Re5 d4 40.Rd5 Re6 41.Kc1 Re4 42.Kd2 Rg4
43.Kd3 Rxg5 44.Rd6+ Kf5 45.Rxa6 Ke5 46.Rh6 Rg3+ 47.Kd2 Rg2+ 48.Kc1 d3 49.cxd3 Kd4
50.Rxh7 Rxa2 51.Kb1 Rg2 52.Rc7 Kxd3 53.Rc5 b4 54.Rc4 Rg1+ 55.Kb2 Rg2+  1/2-1/2

[Event "Eurotel Trophy"]
[Site "Prague CZE"]
[Date "2002.04.29"]
[Round "1.2"]
[White "Movsesian,S"]
[Black "Morozevich,A"]
[Result "0-1"]
[WhiteElo "2624"]
[BlackElo "2718"]

1.e4 e5 2.Nf3 Nc6 3.Bc4 Bc5 4.O-O Nf6 5.d3 d6 6.c3 O-O 7.a4 a6 8.Nbd2 Ba7
9.Re1 Ng4 10.Re2 Kh8 11.h3 Nh6 12.Nf1 f5 13.Bxh6 gxh6 14.exf5 Bxf5 15.Bd5 Bg6
16.Qd2 Qf6 17.Ng3 Qf4 18.Qxf4 Rxf4 19.Be4 Bf7 20.Bxc6 bxc6 21.d4 Rg8 22.Kh2 exd4
23.Nxd4 Bxd4 24.cxd4 Bd5 25.Rd1 a5 26.f3 Rb8 27.Rdd2 Kg8 28.Re3 Kf8 29.Ne2 Rf7
30.Nc3 Bc4 31.g4 h5 32.Kg3 Rb4 33.f4 h4+ 34.Kf3 Bf1 35.Re1 Bc4 36.f5 Bb3
37.Kf4 c5 38.Kg5 cxd4 39.Ne4 Rb8 40.Rxd4 Re8 41.Re2 Rfe7 42.Re3 Bf7 43.Rc3 Rxe4
44.Rxe4 Rxe4 45.Rxc7 Re7 46.Rc8+ Be8 47.Kf6 d5 48.g5 d4 49.g6 d3 50.Rd8 Rd7
51.g7+ Rxg7 52.Rxd3 Rg3 53.Rd4 Rxh3 54.Kg5 Rb3 55.Rxh4  0-1

[Event "4NCL"]
[Site "Birmingham ENG"]
[Date "2002.05.05"]
[Round "10"]
[White "Morozevich,A"]
[Black "McDonald,N"]
[Result "1-0"]
[WhiteElo "2742"]
[BlackElo "2398"]

1.e4 e6 2.d3 c5 3.Nf3 Nc6 4.g3 Nge7 5.Bg2 g6 6.O-O Bg7 7.c3 O-O 8.d4 cxd4
9.cxd4 d5 10.e5 Nf5 11.Nc3 f6 12.Re1 fxe5 13.dxe5 h6 14.h4 Bd7 15.Bf4 Be8
16.Qd2 Rc8 17.Rac1 Rc7 18.Nh2 Rcf7 19.Ng4 Kh7 20.b3 Nxh4 21.Ne2 Nf5 22.Be3 d4
23.Bxc6 Bxc6 24.Nxd4 Bd5 25.Nxf5 gxf5 26.Nh2 b6 27.Bf4 Bb7 28.Nf1 Rd7 29.Qc2 Qe8
30.Qe2 Qa8 31.Rc3 Rc8 32.Rec1 Rxc3 33.Rxc3 Qd8 34.Rc1 Rd3 35.Ne3 Rd2 36.Qc4 Qe8
37.Nxf5 Bd5 38.Qf1 exf5 39.Bxd2 Qh5 40.f3 Bxf3 41.Bf4 Be4 42.Rc7 Qh1+ 43.Kf2 Qh2+
44.Ke3 Qxa2 45.Qd1 Qa5 46.e6 Kg6 47.e7 Qb5 48.Rc8  1-0